Pilotes Formule 1 (2023) - Statistiques

Statistiques générales
  • Ce quiz a été pris 1 335 fois
  • Le résultat moyen est 18 sur 20
Statistiques - réponses
Écurie Nationalité Pilote % Correct
Red Bull Pays Bas Max Verstappen
100%
Ferrari Monaco Charles Leclerc
99%
Mercedes Royaume Uni Lewis Hamilton
98%
Alpine France Pierre Gasly
98%
Ferrari Espagne Carlos Sainz
97%
Alpine France Esteban Ocon
97%
Red Bull Mexique Sergio Pérez
97%
Mc Laren Royaume Uni Lando Norris
95%
Aston Martin Espagne Fernando Alonso
94%
AlphaTauri Japon Yuki Tsunoda
94%
Mercedes Royaume Uni George Russell
93%
Mc Laren Australie Oscar Piastri
91%
Aston Martin Canada Lance Stroll
90%
Alfa Romeo Finlande Valtteri Bottas
89%
Alfa Romeo Chine Zhou Guanyu
89%
Williams Thaïlande Alexander Albon
87%
Haas Allemagne Nico Hülkenberg
87%
Haas Danemark Kevin Magnussen
86%
Williams USA Logan Sargeant
78%
AlphaTauri Pays Bas Nyck de Vries
74%
Aucun quiz correspondant
Distribution des résultats
% des personnes avec chaque résultat
Percentile par nombre de réponses
Votre historique - résultats
Vous n’avez pas pris ce quiz